| 000 | 00000nam##2200000za#4500 |
| 001 | 9.697291 |
| 003 | CaOODSP |
| 005 | 20220818080150 |
| 007 | cr ||||||||||| |
| 008 | 150407|2010||||xxc|||||o f|0| 0 eng|d |
| 040 | |aCaOODSP|beng |
| 043 | |an-cn--- |
| 086 | 1 |aIP54-48/2010E-PDF |
| 110 | 2 |aOffice of the Privacy Commissioner of Canada. |
| 245 | 10|aGuidance document - electronic disclosure of personal information in the decisions of administrative tribunals : |h[electronic resource]|bwhat should administrative tribunals consider when contemplating Internet publication of their decisions? |
| 260 | |aOttawa - Ontario : |bOffice of the Privacy Commissioner of Canada |cFebruary 2010. |
| 300 | |a5p. |
| 590 | |a13-03-Supp|b2013-02-11 |
| 690 | 07|aInformation technology|2gcpds |
| 690 | 07|aPersonal information|2gcpds |
| 775 | 08|tDocument d'orientation - divulgation de renseignements personnels par voie électronique dans les décisions des tribunaux administratifs : |w(CaOODSP)9.641351 |
| 856 | 40|ahttp://publications.gc.ca|qPDF|s124 KB|uhttps://publications.gc.ca/collections/collection_2013/priv/IP54-48-2010-eng.pdf |